| 000 | 00838nab a2200253 u 4500 | ||
|---|---|---|---|
| 001 | 15970 | ||
| 003 | HDC | ||
| 007 | cr bn ---aaaaa | ||
| 008 | 210220c |r|noo 0 a d | ||
| 040 | _aHDC | ||
| 100 |
_aTaylor, Lucy, _eauthor _915946 |
||
| 245 | 0 |
_aHalal industry needs to progress / _cby Lucy Taylor |
|
| 260 |
_aUnited Arab Emirates _bITP Media Group, _c2010 |
||
| 336 |
_atext _2rdacontent |
||
| 337 |
_acomputer _2rdamedia |
||
| 338 |
_aonline resource _2rdacarrier |
||
| 650 |
_aHalal food industry _9128 |
||
| 650 |
_aHalal industry _9144 |
||
| 710 | _aHotelier Middle East | ||
| 856 | _zRequest full-text at [email protected] | ||
| 942 | _2lcc | ||
| 942 | _cNEWS | ||
| 942 | _kNWSO 004787 | ||
| 999 |
_c13286 _d13286 |
||